Quizzes
Events
Quiz Creation
Community
Videos
Private Events
Remove Ads
Sign In
Join for FREE
Feedback
Dark Mode
Quiz Categories
Sports
Geography
Music
Movies
Television
Just For Fun
Miscellaneous
History
Literature
Language
Science
Gaming
Entertainment
Religion
Holiday
For Kids
Quiz Lab
Recent
Popular Today
Quiz Kudos Today
Editor Picks
Curator Picks
Quizzes by...
Day
Popularity
Type
Ratings
Length
Year
Community
Subscriptions
Recent Discussions
Orange Saloon
Badges
Playlists
Quests
Create
Leaderboards
Showdown
Live 5
Trivia Bingo
Activity
Puzzle Library
Sporcle Events
Private Events
Virtual Trivia
Globe League
Become a Host
Pub Owners
SporcleCon
Opinionation
Our Games
Videos
Blog
Mobile Apps
Partnerships
Remove Ads and Go Orange
Feedback
Gaming
Video Games
Board Games
Card Games
Pokémon
Mario
Nintendo
Minecraft
Console
Toys
Legend of Zelda
Gaming
Video Games
Board Games
Card Games
Pokémon
Mario
Nintendo
Minecraft
Console
Toys
Legend of Zelda
Random Quiz
Search Sporcle
×
Quiz Lab
Quiz Lab
Gaming
Console
Type in answers that appear in a list
Type in answers that appear in a list
Classic
Best Score? Go Orange.
All Systems Go Stats
Can you name the video game system for the named video game?
By
arobb003
5m
20 Questions
77 Plays
77 Plays
77 Plays
Comments
Comments
Give Quiz Kudos
Give Quiz Kudos
-
- Ratings
hide this ad
Forced Order
Answers have to be entered in order
Answers have to be entered in order
Replay
Link that replays current quiz
Next Quiz
Link to next quiz in quiz playlist
You Got
0%
They Got
Avg Score
34%
Avg Friend Score
Upgrade to see
Score Distribution
Jump to the score distribution portion of the page
Score
0/20
Timer
05:00
0
Plays Today
Game
Video Game System
% Correct
Halo 3
Xbox 360
92.2%
Mario Kart Double Dash
Nintendo GameCube
84.4%
Super Mario Galaxy
Wii
76.6%
Diddy Kong Racing
Nintendo 64
61%
God Of War: Chains Of Olympus
PSP
55.8%
Alex Kidd In Miracle World
Sega Master System
37.7%
Socom 4: US Navy Seals
PS3
36.4%
Rhythm Heaven
Nintendo DS
36.4%
Boom Blox
Wii
36.4%
ToeJam & Earl
Sega Genesis
35.1%
Game
Video Game System
% Correct
deBlob
Wii
35.1%
Ninja Reflex
Wii
23.4%
Dance Central
Kinect
22.1%
WWE: Legends of WrestleMania
Xbox 360
13%
PenPen TriIceLon
Sega Dreamcast
10.4%
Sol-
Feace
Sega CD
9.1%
Zaxxon 3-
D
Sega Master System
7.8%
Lord Of Arcana
PSP
6.5%
Looney Tunes: Space Race
Sega Dreamcast
5.2%
Marksman Shooting & Trap Shooting
Sega Master System
2.6%
Quiz Playlist
Details
Report
Send in Message
Add To Playlist
Classic:
Type in answers that appear in a list
Forced Order:
Answers have to be entered in order
Last Updated: Feb 16, 2017
Quiz Scoreboard
CHALLENGE
Sign Up to Join the Scoreboard
Show All
Scores
Hide
Comments
May contain spoilers
Recently Published
An Introduction to Baseball
by treessimontrees
Sports
5m
Movies - When Are They Set?
by FPL_Elf
Movies
5m
Popular People in 1961
by mucciniale
History
6m
More to Explore
Quiz From the Vault
Featured Blog Post
Where Did the Easter Bunny Come From?
hide this ad
You Might Also Like...
Tags
Board Games Quiz
Console Quiz
Video Games Quiz
Gaming System
System
Today's Top Quizzes in Gaming
Browse Gaming
hide this ad
Today's Top Quizzes in Console
Browse Console
Top Contributed Quizzes in Gaming
1
Destiny 2 exotic weapons by perk icons
2
Ultimate Genshin Impact Logic Puzzle (up to 4.3)
3
5-to-1: Consoles
4
Genshin Impact Logic Puzzle Quiz
5
Franchise by Action Figure
6
Who's on the WWE 2K24 Cover?
7
Windmill: Pokémon
8
Legendary or Exotic?
9
Overwatch 2: Ultimate Ability Icons
10
5-to-1: Legend of Zelda
Explore More
Trending Topics
Disney
Kpop
Crossword
Harry Potter
NBA
Anime
Marvel
NFL
Soccer
Country
Puzzle
Pokémon
WWE
The Office
Song
hide this ad
More By:
arobb003
Quiz
Plays
Rating
Category
Featured
Created
NBA Safe Cracker
21,169
2.71
Sports
Mar 2, 2011
Food Safe Cracker
18,694
2.58
Just For Fun
Feb 14, 2011
Food Safe Cracker II
3,198
2.50
Just For Fun
Mar 6, 2011
Cartoon Safe Cracker
1,344
3.25
Just For Fun
Feb 15, 2011
60 Second Blitz: Classic TV (Updated)
1,173
2.29
Television
Feb 16, 2011
Go to Creator's Profile
Score Distribution
Quiz Creator Spotlight
arobb003
Follow
Send a Message
Quizzes Created
-
Created Quiz Play Count
-
More By This Creator
Popular Quizzes Today
1
Find the Countries of Europe - No Outlines Minefield
2
Find the US States - No Outlines Minefield
3
The Countries of the World
4
Popular People in 1961
5
US States
6
1-10 Letter E Words III
7
Find the US States
8
One Thing in Common: World Cities II
More Gaming Quizzes
FGO Saber Servants
Quiz Lab
Trending Quizzes
Risky Map Clicking: Least Populous States A-Z
1-10 Letter F Words
1-10 Letter G Words
One Thing in Common: United Kingdom
Risky Map Clicking: Next State Alphabetically
Recently Updated
Leaping Animals
pecheneg
Reality TV Shows (A-Z)
bhenderson79
Rickey Henderson's Hall of Fame Teammates
pecheneg
Champions League XIs: Arsenal
pecheneg
Quick Pick: Celebrities in WWE's Hall of Fame
aduchscher
A-Z Keypad Blitz II
pecheneg
Multiple Oscar Actors
pecheneg
Mystery Phrase Blitz: Oscar 'Best Actors'
pecheneg
F. Scott Fitzgerald Novels
LTH
Pick 3 Villains
ddd62291
Trending Topics
Marvel
Crossword
Anime
NBA
Harry Potter
Kpop
Disney
Song
Pokémon
WWE
Country
The Office
Puzzle
NFL
Soccer
Your Account Isn't Verified!
In order to create a playlist on Sporcle, you need to verify the email address you used during registration. Go to your
Sporcle Settings
to finish the process.
Report this User
Report this user for behavior that violates our
Community Guidelines
.
Details:
Send Report
Go to the Sporcle.com Mobile Site →
Comments